000 00377nam a2200157Ia 4500
005 20250627013355.0
008 240331s9999 xx 000 0 und d
020 _a9555512239
082 _a362.8
_bLIY
100 _aLiyanage,S.S
245 0 _aKotu paure gahanu
260 _aColombo
_bDayawansa Jayakody & Company
_c2001
300 _a214 p .,
650 _aWomen
942 _cL
999 _c1200
_d1200